000 00529cam a2200169 4500
001 FRBNF346637520000007
003 http://catalogue.bnf.fr/ark:/12148/cb346637523
005 20241114095711.0
008 241114b |||||||| |||| 00| 0 eng d
020 _a9782708700253
100 _aDadie Bernard
245 _aLe Pagne Noir
_bContes Africans
260 _aDakar, Senegal
_bPresence Africaine
_c1955
300 _a158 pages
_c17.5 cm
700 _311886055
_oISNI0000000110842621
_aDadiƩ
_bBernard Binlin
_4070
942 _2lcc
_cBK
_n0
999 _c1168
_d1168